00978nam a2200265 a 4500001000900000005001700009008004100026020001500067041000800082044000800090050002600098100004600124245016000170260004100330300005100371500001100422500003500433504003200468650001900500700003200519902000800551942001100559999001700570952012500587BRL_147920190320211227.0230114s1975----nyuabo####---#000-0#eng-# a0486212351 aeng anyu 4aF1435.3.A7b.S65 19751 aSpinden, Herbert Josephd1879-196792426110aA study of maya artbit´s subject matter and historical developmentcHerbert J. Spinden ; with a new introduction and bibliography by J. Eric S. Thompson. aNueva YorkbDover Publicationsc1975 axxvi, 285 p.bil., 29 láminas, mapasc29 cm. aAu1722 aIncluye tabla de nomenclaturas aBibliografía : p. 263-27614aArte maya96211 aS. Thompson, J. Eric927048 aGRL 2lcccB c10289d10289 00104070aBRLbBRLd2014-01-23iAu1722l0oF1435.3.A7 .S65 1975 (Au1722)pGRL01640r2019-03-22 00:00:00w2019-03-22yB